| 000 | 00786nas a2200253 4500 | ||
|---|---|---|---|
| 001 | BR0000823 | ||
| 003 | BR-BrBNA | ||
| 005 | 20231205101742.0 | ||
| 007 | ta | ||
| 008 | 230509b bl.|||p| |||| 00| 00por d | ||
| 040 |
_aBR-BrBNA _bpor _cBiblioteca Nacional de Agricultura |
||
| 041 | _a(Pt) | ||
| 072 | _aL53 | ||
| 100 | 1 | _aGuerra, M.M.P. | |
| 100 | 1 | _aMarques Junior, A.P. | |
| 100 | 1 | _aCosta, E.P. | |
| 245 | 1 | _aMaturacao nuclear de ovocitos caprinos submetidos a cultura sob diferentes concentracoes de hCG | |
| 650 | _aCaprino | ||
| 650 | _aOvulo | ||
| 650 | _aMaturacao | ||
| 773 | 0 |
_tRevista Brasileira de Reproducao Animal (Brazil) _xISSN 0102-0803 _g(Jul-Sep 1999), v. 23(3) p. 275-276 _wBR0000823 |
|
| 909 |
_a202311 _bLúcia _c55 _dLúcia Elande |
||
| 942 |
_2AGRIS _n0 _cANA |
||
| 999 |
_c163670 _d163670 |
||